| 000 | 01014nam a2200253 a 4500 | ||
|---|---|---|---|
| 001 | 000292976 | ||
| 003 | AM-YeHGA | ||
| 005 | 20250618071912.0 | ||
| 008 | 031211s2003 ai a||||r|||||||||1|arm|d | ||
| 020 | _a999309711X | ||
| 040 | _aAM-YeHGA | ||
| 041 | 0 | _aarm | |
| 100 | 1 |
_aՀարությունյան, Արտեմ Միքայելի, _d1945- _91160 |
|
| 245 | 1 | 0 |
_aՀուդայի արձակուրդը : _b[Բանաստեղծություններ : Պոեմ ] / _cԱ. Հարությունյան ; Խմբ.՝ Ս. Արզումանյան. |
| 246 | 1 | 5 | _aJudas՛ vacation |
| 260 |
_aԵրևան : _bՀԳՄ հրատ., _c2003. |
||
| 300 |
_a456 էջ _aդիմանկ. ; _c24 սմ. |
||
| 500 | _aԳրախոսություններ, կարծիքներ, էջ՝ 407-451 | ||
| 546 | _aԿարծիքները նաև անգլ. լեզվով | ||
| 650 | 1 | 4 | _aՀայ գրականություն |
| 700 | 1 |
_aԱրզումանյան, Սևակ Հարությունի, _d1929-2004 _eխմբ. _4edt _9981 |
|
| 942 |
_2udc _cBK |
||
| 090 | _c108680 | ||
| 999 |
_c107353 _d107353 |
||